THE SOHO SOLUTION : 21 SELLING STRATEGIES FOR GROWING YOUR SMALL BUSINESS

Bibliographic Details
Main Author: Abbott, Tom (Author)
Format: Book
Language:English
Published: Singapore: SOHO Sales Coaching, c2011.
Subjects:
LEADER 00838cam a2200253 7i4500
001 0000034065
005 20170303090000.0
007 ##ta
008 170303c20112011si eng
020 # # |a 9780973018387  
040 # # |a MATR 
090 0 0 |a B 658.8   |b ABB 
100 1 # |a Abbott, Tom   |e author  
245 1 4 |a THE SOHO SOLUTION :   |b 21 SELLING STRATEGIES FOR GROWING YOUR SMALL BUSINESS   |c TOM ABBOTT. 
264 # 4 |a ♭2011. 
264 # 1 |a Singapore:   |b SOHO Sales Coaching,   |c c2011. 
300 # # |a xiii, 155 pages:   |b illustrations;   |c 24 cm. 
336 # # |a text  |2 rdacontent 
337 # # |a unmediated  |2 rdamedia 
338 # # |a volume  |2 rdacarrier 
650 # 0 |a Small business marketing  
650 # 0 |a Small business --   |x Management.  
650 # 0 |a Home-based businesses --   |x Management.  
999 |a 0000037562  |b Book  |c Book  |e Business Information Centre